Ιθαγένεια και μετανάστευση στην Ελλάδα : πτυχιακή εργασία

Αποθηκεύτηκε σε:
Λεπτομέρειες βιβλιογραφικής εγγραφής
Κύριος συγγραφέας: Γεωργίου, Μελίνα
Συγγραφή απο Οργανισμό/Αρχή: Πανεπιστήμιο Αιγαίου. Σχολή Κοινωνικών Επιστημών. Τμήμα Γεωγραφίας
Άλλοι συγγραφείς: Πετράκου, Ηλέκτρα (Εισηγητής διατριβής)
Μορφή: Thesis Βιβλίο
Γλώσσα:Greek
Δημοσίευση: 2013
Θέματα:
Διαθέσιμο Online:http://hdl.handle.net/11610/6179
Ετικέτες: Προσθήκη ετικέτας
Δεν υπάρχουν, Καταχωρήστε ετικέτα πρώτοι!

MARC

LEADER 00000cam a2200000 i 4500
001 1/67059
008 150216s2013 gre d
035 |l 10121092 
040 |a GR-MY-UA  |b gre  |e aacr 
041 0 |a gre 
082 0 |a 304.8  |2 (22) 
100 1 |a Γεωργίου, Μελίνα. 
245 1 0 |a Ιθαγένεια και μετανάστευση στην Ελλάδα :  |b πτυχιακή εργασία /  |c της Μελίνας Γεωργίου ; επίβλεψη: Η. Πετράκου 
260 |c 2013 
300 |a 77 σ.;  |b εικ., πίν.;  |c 30 εκ. 
502 # # |a Πτυχιακή εργασία – Πανεπιστήμιο Αιγαίου, Λέσβος, 2013. 
504 |a Βιβλιογραφία: σ. 68-77 
650 0 0 |a Immigrants  |z Greece. 
650 0 0 |a Immigrants  |x Legal status, laws, etc.  |z Greece. 
650 0 0 |a Dissertations, Academic  |z Greece. 
651 0 |a Greece  |x Emigration and immigration  |x Government policy. 
651 0 |a Greece  |x Emigration and immigration. 
700 1 |4 ths  |a Πετράκου, Ηλέκτρα. 
710 2 |a Πανεπιστήμιο Αιγαίου.   |b Σχολή Κοινωνικών Επιστημών.   |b Τμήμα Γεωγραφίας. 
852 |a INST  |b LESVOS  |c DIATR  |e 20150216  |h 827  |p 005100056054  |q 005100056054  |t DIE  |y 23 
852 |a INST  |b LESVOS  |c DIATR  |e 20150216  |h 828  |p 005100056053  |q 005100056053  |t DIE  |y 23 
856 |u http://hdl.handle.net/11610/6179 
901 |a BIBL1-2015-1 
909 |a Λ  |b 191775 
909 |a Λ  |b 191776 
924 |a ΓΕΩΡΓΙΟΥ  |b ΜΕΛΙΝΑ  |y ΛΕΣΒΟΣ  |z 2014-11 
970 |a ΤΖΑΦΕΡΗ  |b ΕΥΑΓΓΕΛΙΑ  |z 2015/02/16